| 000 | 00542nam a2200193Ia 4500 | ||
|---|---|---|---|
| 003 | OSt | ||
| 005 | 20200907120448.0 | ||
| 008 | 190216s9999||||xx |||||||||||||| ||und|| | ||
| 020 | _a9780071148160 | ||
| 040 | _coclc | ||
| 082 |
_a536 _bZEM/H |
||
| 100 |
_aZemansky, Mark W _94467 |
||
| 245 | 0 |
_aHeat And Thermodynamics / _cMark W Zemansky ; Richard H Dittman |
|
| 250 | _a7th Ed. | ||
| 260 |
_bMcgraw -hill, _c1997. _aNew Delhi: |
||
| 300 | _a487p | ||
| 650 | _aPhysics | ||
| 942 |
_cBK _2ddc _h536 _iZEM/H _k536 _mZEM/H |
||
| 999 |
_c33356 _d33356 |
||